English-Based Creole Languages - Statistics

General Stats
  • This quiz has been taken 51 times
  • The average score is 10 of 24
Answer Stats
Primary Country Language % Correct
Bahamas Bahamian Creole
78%
Jamaica Jamaican Patois
78%
Guyana Guyanese Creole
69%
Belize Belizean Creole
67%
Vanuatu Bislama
61%
Cameroon Cameroonian Creole
61%
Sierra Leone Krio
61%
Nigeria Nigerian Creole
61%
Barbados Bajan Creole
56%
Papua New Guinea Tok Pisin
56%
Trinidad and Tobago Trinidadian Creole
56%
Singapore Singlish
50%
Australia Australian Kriol
36%
United States Hawaiian Creole
36%
United States Gullah
33%
Pitcairn and Norfolk Islands Pitkern
28%
Saint Kitts and Nevis Saint Kitts Creole
28%
Australia, Papua New Guinea Torres Strait Creole
28%
Suriname Sranan Tongo
25%
Liberia Liberian Kreyol
22%
Malaysia Manglish
14%
Suriname Ndyuka
14%
United Kingdom Angloromani
6%
Colombia San Andrés–Providencia Creole
3%
No matching quizzes found
Score Distribution
Percent of People with Each Score
Percentile by Number Answered
Your Score History
You have not taken this quiz